000 00617nam a2200241Ia 4500
001 18420
003 GE_BSU
008 181216s||||||||xx |||||||||||||| ||und||
020 _a9781412978262
040 _cGE_BSU
080 _a658
100 _aGreenhaus J.H., Callanan,G. A., Godshalk, V.M
245 _aCareer management
250 _a4 edition
260 _aLos Angeles
260 _bSage
260 _c2010
300 _a483p. 23cm.
653 _aCareer management
653 _aკარიერა, მართვა.
653 _aწარმოების მართვა
942 _cBK
999 _c51434
_d51434